| 000 | 00342nam a22001457a 4500 | ||
|---|---|---|---|
| 003 | OSt | ||
| 008 | 240830b |||||||| |||| 00| 0 eng d | ||
| 020 | _a9789354094002 | ||
| 082 |
_a616.079 _bKAC |
||
| 100 | _aKANT, Rajni | ||
| 245 | _aCOVID - 19 VAISHVIK MAHAMARI | ||
| 260 |
_aDelhi: _bMIABGI _c2022. |
||
| 300 | _a159p. | ||
| 942 |
_2ddc _cBK |
||
| 999 |
_c12875 _d12875 |
||